Lifeboat efficiency (Record no. 3611)

000 -LEADER
fixed length control field 00419nam a22001697a 4500
008 - FIXED-LENGTH DATA ELEMENTS--GENERAL INFORMATION
fixed length control field 200622b ||||| |||| 00| 0 eng d
082 00 - DEWEY DECIMAL CLASSIFICATION NUMBER
Classification number 623.88
Item number B6233
100 ## - MAIN ENTRY--PERSONAL NAME
9 (RLIN) 2982
Personal name Bisset, James.
245 10 - TITLE STATEMENT
Title Lifeboat efficiency
250 ## - EDITION STATEMENT
Edition statement 33rd ed.
260 ## - PUBLICATION, DISTRIBUTION, ETC. (IMPRINT)
Place of publication, distribution, etc liverpool
Name of publisher, distributor, etc Birchall
Date of publication, distribution, etc 1950
300 ## - PHYSICAL DESCRIPTION
Extent 46p.
365 ## - TRADE PRICE
Unit of pricing 0.75
650 #0 - SUBJECT ADDED ENTRY--TOPICAL TERM
Topical term or geographic name as entry element Lifeboats
700 ## - ADDED ENTRY--PERSONAL NAME
9 (RLIN) 2983
Personal name Sorell, D. W.
942 ## - ADDED ENTRY ELEMENTS (KOHA)
Item type Books
Holdings
Withdrawn status Lost status Source of classification or shelving scheme Damaged status Not for loan Permanent location Current location Date acquired Source of acquisition Full call number Barcode Date last seen Koha item type
          IMU Kolkata IMU Kolkata 1960-01-09 Bailey books and suppliers 623.88 B6233 02506 2020-06-22 Books
Designed and Maintained by IMU-KC Library, Kolkata Campus © Copyright All Rights Reserved

webs counters

Powered by Koha